Представление документа в формате MARC21

Поле Инд. ПП Название Значение
Тип записи a
Библиографический уровень m
001 Контрольный номер RU/URGU/BOOKS/113484
005 Дата корректировки 20140911093223.5
020 a ISBN 978-5-85759-466-7
040 a Служба первич. каталог. РКП
e Правила каталог. rcr
c Служба, преобразующая запись НБ ТвГУ
041 a Код языка текста rus
a Код языка текста ger
a Код языка текста eng
080 a Индекс УДК 80.16(082)
084 a Индекс другой классификации/Индекс ББК Ш041я434
084 a Индекс другой классификации/Индекс ББК Ш141я434
090 a Полочн. индекс Ш041
x Авторский знак M 75
245 a Заглавие Miscellanea Slavica
b Продолж. заглавия сборник статей к 70-летию Бориса Андреевича Успенского
c Ответственность РАН, Ин-т славяноведения, Науч. центр славяно-герм. исслед.; [сост. Ф. Б. Успенский]
260 a Место издания Москва
b Издательство Индрик
c Дата издания 2008
300 a Объем 472 с., [8] л. ил.
b Иллюстрации/ тип воспроизводства портр., табл.
440 a Серия Труды по филологии и истории
500 a Примечание Текст рус., англ., нем.
504 a Библиография Библиогр.: с. 7-65 (538 назв.) и в конце ст.
520 a Аннотация Авторы предлагаемого издания, — в большинстве своем известные специалисты в области славистики, русистики и диахронического языкознания, — выступают в несколько неожиданной для читательской аудитории ипостаси: предметом их исследования являются исторические факты, тексты и документы, так или иначе, оказавшие заметное воздействие на жизнь и развитие языка. Тематическая широта издания естественным образом определяется кругом интересов Б.А.Успенского. История России и, шире, славянского мира, увиденная глазами лингвиста, синхронизируется здесь с историей национальной и церковной культуры, историческая реальность соотносится с виртуальным миром литературной традиции. В такой перспективе язык зачастую оказывается едва ли не основной «движущей силой» исторического процесса и одновременно тончайшим его индикатором, способным улавливать и фиксировать сколь угодно скрытые, подспудные преобразования.
653 a Ключевые слова Сборники
a Ключевые слова Славянская филология
653 a Ключевые слова Славянские языки
653 a Ключевые слова Славистика
700 1_ a Другие авторы Успенский Федор Борисович
e Роль лиц сост.
901 t Тип документа m
920 a Оператор Стру
930 a Новая/Ретро сборники
952 c Вид литературы К рн
954 a Дата поступления на обработку 20100402